MDQL
is popping MORE tags! Check the
thread
!
Quizzes
Events
Quiz Creation
Community
Videos
Private Events
Remove Ads
Sign In
Join for FREE
Feedback
Dark Mode
Quiz Categories
Sports
Geography
Music
Movies
Television
Just For Fun
Miscellaneous
History
Literature
Language
Science
Gaming
Entertainment
Religion
Holiday
For Kids
Quiz Lab
Recent
Popular Today
Quiz Kudos Today
Editor Picks
Curator Picks
Quizzes by...
Day
Popularity
Type
Ratings
Length
Year
Community
Subscriptions
Recent Discussions
Orange Saloon
Badges
Playlists
Quests
Create
Leaderboards
Showdown
Live 5
Trivia Bingo
Activity
Puzzle Library
Sporcle Events
Private Events
Virtual Trivia
Globe League
Become a Host
Pub Owners
SporcleCon
Opinionation
Our Games
Videos
Blog
Mobile Apps
Partnerships
Remove Ads and Go Orange
Feedback
Gaming
Video Games
Board Games
Card Games
Pokémon
Mario
Nintendo
Minecraft
Console
Toys
Legend of Zelda
Gaming
Video Games
Board Games
Card Games
Pokémon
Mario
Nintendo
Minecraft
Console
Toys
Legend of Zelda
Random Quiz
Search Sporcle
×
Quiz Lab
Quiz Lab
Gaming
Bros Melee
Type in answers that appear in a list
Type in answers that appear in a list
Classic
Best Score? Go Orange.
Captain Falcon's Moveset (SSBM) Stats
Can you name each of the moves that our hero, Captain Falcon, uses in Super Smash Bros. Melee?
By
robsclaire
5m
26 Questions
323 Plays
323 Plays
323 Plays
Comments
Comments
Give Quiz Kudos
Give Quiz Kudos
-
- Ratings
hide this ad
Replay
Link that replays current quiz
Next Quiz
Link to next quiz in quiz playlist
You Got
0%
They Got
Avg Score
27%
Avg Friend Score
Upgrade to see
Score Distribution
Jump to the score distribution portion of the page
Score
0/26
Timer
05:00
0
Plays Today
Button combination
Move name
% Correct
Triple Jab
Knee
82.7%
Neutral Special
Falcon Punch
77.1%
Down Special
Falcon Kick
69.7%
Forward Special
Raptor Boost
62.8%
Taunt
Show Me Your Moves!
52.6%
Jab
Jab
51.1%
Down Air
Step On It
41.5%
Up Special
Falcon Dive
41.2%
Forward Air
Knee Smash
40.2%
Forward Smash
Overheat Elbow
26.6%
Double Jab
Straight
15.2%
Rapid Jab
Rapid Punch
12.7%
Up Tilt
Wheel Kick
12.1%
Button combination
Move name
% Correct
Dash Attack
Turbo Shoulder
10.2%
Down Smash
Pinwheel Kick
10.2%
Down Throw
Throwdown
10.2%
Up Air
Overhead Kick
10.2%
Back Air
Reverse Knuckle
9.9%
Forward Throw
Bodyblow
9.6%
Up Throw
Rising Palm
9.6%
Neutral Air
Rotary Kick
9.6%
Up Smash
Pendulum Kick
9.3%
Pummel
Captive Knee
9%
Down Tilt
Crouching Kick
8.4%
Back Throw
Kickback
8.4%
Forward Tilt
Round Kick
8%
Quiz Playlist
Details
Report
Send in Message
Add To Playlist
Classic:
Type in answers that appear in a list
Last Updated: Sep 21, 2017
Quiz Scoreboard
CHALLENGE
Sign Up to Join the Scoreboard
Show All
Scores
Hide
Comments
May contain spoilers
Recently Published
Image Sorting: Flags VI
by Barbecue
Geography
2m
Find the 'City' Movie
by crazypaving
Movies
60s
Colored Red Africa Blitz
by spor1
Geography
45s
More to Explore
Quiz From the Vault
Featured Blog Post
14 Easter Pick-up Lines to Find Eggs With
hide this ad
You Might Also Like...
Tags
Bros Melee
Brothers Melee
Captain Falcon
melee
ssbm
Super Smash Bros
Today's Top Quizzes in Gaming
Browse Gaming
hide this ad
Top Contributed Quizzes in Gaming
1
League of Legends Pro Players by Career/Team History
2
Destiny 2 exotic weapons by perk icons
3
Genshin murder mystery
4
Dead By Daylight Logic Puzzle
5
Genshin Impact Logic Puzzle
6
Valorant Agent Developer Names (Up to Clove)
7
Overwatch 2: Ultimate Ability Icons
8
4x4 Decades: Video Games
9
Who's on the WWE 2K24 Cover?
10
Undertale Logic Puzzle
Explore More
Trending Topics
Disney
Marvel
Anime
Kpop
NBA
Crossword
Harry Potter
Soccer
Song
Country
The Office
NFL
Pokémon
WWE
Puzzle
hide this ad
More By:
robsclaire
Quiz
Plays
Rating
Category
Featured
Created
Volleyball Slang
372
3.67
Sports
Jun 25, 2014
Captain Falcon's Moveset (SSBM)
323
5.00
Gaming
Jun 11, 2015
Go to Creator's Profile
Score Distribution
Quiz Creator Spotlight
robsclaire
Follow
Send a Message
Quizzes Created
-
Created Quiz Play Count
-
More By This Creator
Popular Quizzes Today
1
Colored Red Africa Blitz
2
Find the US States - No Outlines Minefield
3
Find the 'City' Movie
4
5x2 Blitz: Bands
5
The Countries of the World
6
Find the US States
7
Find the Countries of Europe - No Outlines Minefield
8
US States
More Gaming Quizzes
My Buddy Lyrics
Curator's Pick
Trending Quizzes
Colored Red Europe Blitz I
Colored Red Europe Blitz II
Colored Red Africa Blitz II
Colored Red Europe Blitz III
Colored Red Africa Blitz III
Recently Updated
How Do You Spell That?
pecheneg
Godzilla Movies
pecheneg
Grab Bag: 4-10 Letters
pecheneg
2024 March Madness Bracket
pecheneg
Famous TV Couples
Peacemaker
Champions League XIs: Real Madrid
pecheneg
Largest US Cities 1790-2010
pecheneg
Rides in Walt Disney World
pecheneg
Most Oscar Losses (Acting)
pecheneg
Beyoncé Albums
pecheneg
Trending Topics
Disney
Kpop
Crossword
Marvel
NBA
Harry Potter
Anime
The Office
Country
Song
Soccer
Pokémon
WWE
Puzzle
NFL
Your Account Isn't Verified!
In order to create a playlist on Sporcle, you need to verify the email address you used during registration. Go to your
Sporcle Settings
to finish the process.
Report this User
Report this user for behavior that violates our
Community Guidelines
.
Details:
Send Report
Go to the Sporcle.com Mobile Site →
Comments